El riesgo permitido en Derecho Penal: régimen jurídico-penal de las actividades peligrosas

Պահպանված է:
Մատենագիտական մանրամասներ
Հիմնական հեղինակ: Paredes Castañón, José Manuel (autor)
Ձևաչափ: Գիրք
Լեզու:իսպաներեն
Հրապարակվել է: Madrid Ministerio de Justicia e Interior 1995
Հրատարակություն:1a. ed
Խորագրեր:
Ցուցիչներ: Ավելացրեք ցուցիչ
Չկան պիտակներ, Եղեք առաջինը, ով նշում է այս գրառումը!

MARC

LEADER 00000cam a2200000 a 4500
001 UCC5414
003 CL-VaPUC
008 181005e19950000sp |||||||||||||||||spa|d
020 |a 8477873941 
082 0 4 |a 345.01  |b PAR  |2 21 
100 |a Paredes Castañón, José Manuel  |e autor  |9 599751 
245 1 3 |a El riesgo permitido en Derecho Penal: régimen jurídico-penal de las actividades peligrosas 
250 |a 1a. ed 
300 |a 565 p 
942 |c BK 
945 |d 20181005 11:02:00  |a dcastane 
260 |a Madrid  |b Ministerio de Justicia e Interior  |c 1995 
650 7 |a DERECHO PENAL  |2 CL-VaPUC  |9 11 
650 0 |a Riesgo  |9 256420 
650 0 |a Delitos  |9 224143 
583 |a last modification  |c 20190612 10:49:41  |k Rodrigo Vera 
999 |c 372663  |d 372661 
952 |0 0  |1 0  |3 erb  |4 0  |6 345_010000000000000_PAR_1995  |7 0  |8 A  |9 490361  |a BIBDER  |b BIBDER  |e Mateluna Arestizabal, Alfredo Sergio  |i 5491606  |l 1  |o 345.01 PAR 1995  |p 5491606  |r 2024-06-17  |s 2024-06-17  |w 2019-11-24  |y BK  |z Catalogado en:20181005  |k DER